Word Ladder: Play It Niaga, Sam Quiz Stats

Quiz Updated Jul 26, 2016

Challenge
Share
Tweet
Embed
Score 0/29 Timer 04:00
0 Plays Today
Clue 4-Letter Rung % Correct
What knobs doTURN
96.7%
Less's opposite↓ MORE
96.2%
Istanbulite, for one↓ TURK
92.7%
Actor Rip of 'Men in Black'↓ TORN
92.5%
Unadorned; naked↓ BARE
92.2%
Robin's friar friend↓ TUCK
90.7%
Conveyed an e-mailSENT ↶
90.5%
Pointy pitchfork partTINE ↶
90.2%
Day's opening stanza?↓ MORN
89.6%
What stopped on Truman's desk↓ BUCK
87.7%
Pulled apart or shredded↓ TORE
85.7%
Drone on and on, perhaps↓ BORE
85.1%
HueTINT ↶
84.4%
Place in the legislatureSEAT ↶
83.3%
Venetian blind componentSLAT ↶
81.9%
Clue 4-Letter Rung % Correct
Pooch outTENT ↶
80.8%
Open using the tip of a knifeSLIT ↶
79.8%
Provide financial supportBACK
79.6%
Leave outOMIT ↶
79.6%
3-masted sailing ship↓ BARK
77.7%
'50s insult: 'Sit ___!' (2 words)ON IT ↶
76.6%
Give offEMIT
76.5%
Dark Side of the Moon trackTIME:
72.6%
Just; nothing special↓ MERE
72.3%
Mini-tantrumSNIT ↶
70.9%
Offline unabridged dictionary, maybe↓ TOME
70.9%
Proportion (out)↓ METE
66.8%
Tennis serves clipping the netLETS
62.3%
Miracle 9 of '69↓ METS
62%

Today's Daily Dose

You're not logged in!

Compare scores with friends on all Sporcle quizzes.
Sign Up with Email
OR
Log In

You Might Also Like...

Show Comments

Extras

Top Quizzes Today


Score Distribution

Your Account Isn't Verified!

In order to create a playlist on Sporcle, you need to verify the email address you used during registration. Go to your Sporcle Settings to finish the process.